| 000 | 00000nam 2200000za 4500 |
| 001 | 9.838446 |
| 003 | CaOODSP |
| 005 | 20221107151359 |
| 007 | cr ||||||||||| |
| 008 | 170720s2017 onc oz f000 0 fre d |
| 020 | |a978-0-660-08839-6 |
| 040 | |aCaOODSP|bfre |
| 041 | |aeng|afre |
| 043 | |an-cn--- |
| 086 | 1 |aFR4-2017/19-PDF|zFR4-2017/19 |
| 130 | 0 |aConvention concernant l`âge minimum d`admission à l`emploi|d(1973 juin 26) |
| 245 | 10|aILO – Convention 138 - Convention concerning Minimum Age for Admission to Employment |h[ressource électronique] = |bOIT – Convention 138 - Convention concernant l'âge minimum d'admission à l'emploi. |
| 246 | 31|aOIT – Convention 138 - Convention concernant l'âge minimum d'admission à l'emploi |
| 260 | |a[Ottawa] : |bTreaty Law Division of the Department of Foreign Affairs, Trade and Development = Direction du droit des traités du ministère des Affaires étrangères, du Commerce et du Développement, |cc2017. |
| 300 | |a9, 9 p. |
| 490 | 1 |aTreaty series = Recueil des traités ; |v2017/19 |
| 500 | |a« Adoptés à Genève le 26 juin 19733. En vigueur : le 19 juin 1976. En vigueur pour le Canada : le 8 juin 2017. » |
| 500 | |aNumérotation répétées sur les pages suppléants. |
| 500 | |aLe n° de catalogue (FR4-2017/19) de l'édition imprimée a été copié dans cette publication électronique. |
| 546 | |aTexte en anglais et en français. |
| 692 | 07|2gccst|aEnfant |
| 692 | 07|2gccst|aTravail |
| 692 | 07|2gccst|aAccord multilatéral |
| 710 | 1 |aCanada. |bAffaires mondiales Canada. |bDirection du droit des traités. |
| 710 | 2 |aOrganisation internationale du travail. |
| 710 | 1 |aCanada. |
| 791 | |tILO – Convention 138 - Convention concerning Minimum Age for Admission to Employment |eeng|w(CaOODSP)9.838444 |
| 830 | #0|aCanada treaty series ;|v2017/19|w(CaOODSP)9.811738 |
| 856 | 40|qPDF|s151 Ko|uhttps://publications.gc.ca/collections/collection_2017/amc-gac/FR4-2017-19.pdf |